|
|
|
|
| LEADER |
00000nam a2200000 a 4500 |
| 001 |
vtls001451687 |
| 003 |
SK-MaSNL |
| 005 |
20260425222435.0 |
| 008 |
251031sm y0 xo a r 0 slo |
| 015 |
|
|
|a SNBA2004/01-00390
|
| 020 |
|
|
|a 8088980771
|
| 035 |
|
|
|a SNK000406994
|
| 040 |
|
|
|a SNK
|b slo
|c SNK
|e AACR2
|
| 041 |
0 |
|
|a slo
|
| 044 |
|
|
|a xo
|c SK
|
| 072 |
|
7 |
|a 811.111
|x Angličtina
|2 konspekt
|
| 072 |
|
7 |
|a 811.162.4
|x Slovenčina
|2 konspekt
|
| 072 |
|
7 |
|a 81
|x Lingvistika. Jazyky
|2 konspekt
|
| 072 |
|
7 |
|a 821-93
|x Literatúra pre deti a mládež
|2 konspekt
|
| 080 |
|
|
|a 811.111
|2 1981
|
| 080 |
|
|
|a 811.162.4
|2 1981
|
| 080 |
|
|
|a 821-93
|2 1981
|
| 080 |
|
|
|a (038.025.2)
|2 1981
|
| 240 |
1 |
0 |
|a Vocabolario illustrato Inglese
|l Slovensky
|
| 245 |
1 |
|
|a Anglický obrázkový slovník
|c ilustrácie Tony Wolf ; [preklad: Katarína Škovierová]
|
| 260 |
|
|
|a Bratislava
|b Fortuna Print
|c 2002
|
| 300 |
|
|
|a 110 s.
|b fareb. ilustr.
|c 18 cm
|
| 500 |
|
|
|a Fareb. ilustr. na tit. strane
|
| 650 |
0 |
7 |
|a angličtina
|2 SNKPH
|9 1260
|
| 650 |
0 |
7 |
|a slovenčina
|2 SNKPH
|9 1350
|
| 655 |
|
7 |
|a obrazové slovníky
|2 SNKPH
|9 282783
|
| 655 |
|
7 |
|a publikácie pre deti
|2 SNKPH
|9 70148
|
| 700 |
1 |
|
|a Wolf, Tony,
|d 1930-2018
|4 ill
|9 180068
|
| 700 |
1 |
|
|a Škovierová, Katarína
|4 trl
|9 211948
|
| 730 |
|
|
|t Vocabolario illustrato Inglese
|9 301328
|
| 919 |
|
|
|a 80-88980-77-1
|
| 999 |
|
|
|c 557173
|d 559103
|
| 952 |
|
|
|t P60, <03>, [BOOK], {603}
|a SNK
|b SNK
|y PREZ
|7 0
|p 17A0380126
|o snkSD 72824
|i snkKSP 4536/2003
|0 0
|1 0
|4 0
|d 2003-04-02
|l 0
|r 2025-11-20 00:00:00
|w 2026-02-23
|
| 952 |
|
|
|t P60, <04>, [BOOK], {604}
|a SNK
|b SNK
|y VYP
|7 0
|p 17A0380527
|o snkSD 72824 D1
|i snkKSP 5038/2003
|0 0
|1 0
|4 0
|d 2003-04-16
|l 0
|r 2005-01-02 00:00:00
|w 2026-02-23
|